000 00511nam a2200181Ia 4500
008 090630s9999 xx 000 0 und d
082 _b349
100 _aVedak Gangadhar S.
245 _aThe Hon. Mr; Ja gannathsharker sleth.
_cVedak Gangadhar S.
260 _b---
_c1937
300 _a52
600 _aVedak Gangadhar S.
630 _aThe Hon. Mr; Ja gannathsharker sleth.
655 _aEnglish.
700 _aVedak Gangadhar S.
730 _aThe Hon. Mr; Ja gannathsharker sleth.
942 _cBOOK
999 _c252205
_d252205